<?xml version="1.0" encoding="UTF-8"?>
<marc:record xmlns:marc="http://www.loc.gov/MARC21/slim">
   <marc:leader>00000nam a2200000 a 4500</marc:leader>
   <marc:datafield ind1="1" ind2=" " tag="100">
      <marc:subfield code="a">Hoover, Colleen</marc:subfield>
      <marc:subfield code="4">aut</marc:subfield>
      <marc:subfield code="e">Verfasser/-in</marc:subfield>
   </marc:datafield>
   <marc:datafield ind1="0" ind2="0" tag="245">
      <marc:subfield code="a">Looking for Hope</marc:subfield>
   </marc:datafield>
   <marc:datafield ind1="0" ind2="0" tag="245">
      <marc:subfield code="b">Roman</marc:subfield>
   </marc:datafield>
   <marc:datafield ind1="0" ind2="0" tag="245">
      <marc:subfield code="c">Hoover, Colleen</marc:subfield>
   </marc:datafield>
   <marc:datafield ind1="1" ind2=" " tag="520">
      <marc:subfield code="a">Auf die Vergangenheit zurückzublicken, das hat Dean Holder seit dem Tod seiner Schwester Les erfolgreich vermieden und stattdessen kräftig an seinem Image als Bad Boy gearbeitet. Bis er Sky trifft, die seine Welt von einem Moment auf den anderen aus den Angeln hebt. Denn Sky erinnert Dean an Hope, seine verschwundene Kindheitsfreundin, nach der er seit Jahren vergeblich sucht... Ab 14.</marc:subfield>
   </marc:datafield>
   <marc:datafield ind1=" " ind2=" " tag="020">
      <marc:subfield code="a">9783423716253</marc:subfield>
      <marc:subfield code="9">9783423716253</marc:subfield>
   </marc:datafield>
   <marc:datafield ind1=" " ind2=" " tag="020">
      <marc:subfield code="a">3423716258</marc:subfield>
      <marc:subfield code="9">3423716258</marc:subfield>
   </marc:datafield>
</marc:record>
